Parábolas y milagros de Jesús /
Guardado en:
| Autor Principal: | |
|---|---|
| Formato: | Libro |
| Idioma: | Undetermined |
| Publicado: |
Buenos Aires :
Botella al Mar,
1988.
|
| Materias: | |
| Etiquetas: |
Agregar Etiqueta
Sin Etiquetas, Sea el primero en etiquetar este registro!
|
| LEADER | 00450nam a22001455a 4500 | ||
|---|---|---|---|
| 001 | EHU.bham047005 | ||
| 005 | 20110607092209.0 | ||
| 008 | 110607s1988####ag############000#0#und#d | ||
| 100 | 1 | |a Lejarraga, Berta de. | |
| 245 | 0 | 0 | |a Parábolas y milagros de Jesús / |c Berta de Lejarraga. |
| 260 | |a Buenos Aires : |b Botella al Mar, |c 1988. | ||
| 300 | |a 59. | ||
| 653 | |a poesía | ||
| 653 | |a Jesús | ||
| 859 | |a AR-BHAM |b BIB. HUMANIDADES - Donacion Lejarraga |h MFN001224 |p 001224.19 | ||
